00688nam a2200181 a 450000100100000000500170001000800410002702000150006804000250008308200170010810000440012524501080016926000310027730000280030870000380033695201150037499900170048900004297520201002040537.0140213s1986 sp a 000 0 spa d a8420695343 aDO-SdBNPbspacBNPHU axxxxxbxxxxx1 aGutiérrez Fuente, Juan Ignacio97046810aChile :bla Vicaría de la Solidaridad /cJuan Ignacio Gutiérrez Fuente ; prólogo Marcelino Oreja. aMadrid, :bAlianza,c1986. a231 p. :bil. ;c20 cm.1 aOreja, Marcelino,epról.970469 001050718MOaGRbGRcHDd2014-02-13iLF1l0oxxxxx xxxxxp42975-10r2020-06-25w2020-06-25y1ZNo se presta c42464d42464